Statistics for Random Countries on a Borderless Pangea Map

Click here to take the quiz!

General Stats

  • This quiz has been taken 2,238 times
  • The average score is 18 of 20

Answers on the Map

Answers color-coded by a green-red scale on the quiz's map according to % correct below.
 

Answer Stats

Country% Correct
Egypt
100%
Mexico
100%
United States
100%
Algeria
99%
Argentina
99%
Brazil
99%
Canada
99%
Chile
99%
Denmark
99%
France
99%
Germany
99%
Peru
99%
Sweden
99%
United Kingdom
99%
Venezuela
99%
Australia
98%
China
98%
Italy
98%
Japan
98%
Latvia
98%
Mali
98%
Norway
98%
Russia
98%
Spain
98%
Belgium
97%
Colombia
97%
Finland
97%
Ireland
97%
Libya
97%
Mongolia
97%
Namibia
97%
Saudi Arabia
97%
Sudan
97%
Uruguay
97%
Bolivia
96%
Cuba
96%
Iceland
96%
Lithuania
96%
Morocco
96%
Poland
96%
Somalia
96%
Thailand
96%
Tunisia
96%
Dominican Republic
95%
Ecuador
95%
Ghana
95%
Guyana
95%
India
95%
Lesotho
95%
Madagascar
95%
Mauritania
95%
Netherlands
95%
Papua New Guinea
95%
Paraguay
95%
Philippines
95%
Portugal
95%
Zimbabwe
95%
Austria
94%
Bosnia and
Herzegovina
94%
Estonia
94%
Ethiopia
94%
Indonesia
94%
Niger
94%
Nigeria
94%
Senegal
94%
United Arab Emirates
94%
Zambia
94%
Benin
93%
Croatia
93%
Eritrea
93%
Fiji
93%
Greece
93%
Iraq
93%
Jordan
93%
Kazakhstan
93%
Luxembourg
93%
New Zealand
93%
Oman
93%
Slovakia
93%
South Sudan
93%
Suriname
93%
Vatican City
93%
Yemen
93%
Albania
92%
Angola
92%
Central African Republic
92%
Chad
92%
Democratic Republic
of the Congo
92%
Eswatini
92%
Laos
92%
Malta
92%
Mozambique
92%
South Africa
92%
South Korea
92%
Tanzania
92%
Ukraine
92%
Vietnam
92%
Belarus
91%
Botswana
91%
Burkina Faso
91%
Federated States of
Micronesia
91%
Ivory Coast
91%
Kenya
91%
Liberia
91%
Malawi
91%
Myanmar
91%
Slovenia
91%
Syria
91%
Andorra
90%
Bulgaria
90%
Czech Republic
90%
Gabon
90%
Haiti
90%
Hungary
90%
Iran
90%
Kosovo
90%
Kyrgyzstan
90%
Moldova
90%
Panama
90%
Qatar
90%
Republic of the Congo
90%
Romania
90%
Rwanda
90%
Cyprus
89%
Georgia
89%
Guatemala
89%
Israel
89%
Kiribati
89%
Monaco
89%
North Korea
89%
Switzerland
89%
Taiwan
89%
Togo
89%
Uganda
89%
Bahamas
88%
Bahrain
88%
Belize
88%
Costa Rica
88%
Equatorial Guinea
88%
Guinea-Bissau
88%
Honduras
88%
North Macedonia
88%
San Marino
88%
Sierra Leone
88%
Bangladesh
87%
Cambodia
87%
Lebanon
87%
Liechtenstein
87%
Malaysia
87%
Nicaragua
87%
Tajikistan
87%
Cameroon
86%
Sri Lanka
86%
Vanuatu
86%
Burundi
85%
El Salvador
85%
Jamaica
85%
Kuwait
85%
Maldives
85%
Montenegro
85%
Serbia
85%
Tuvalu
85%
Djibouti
84%
Gambia
84%
Nauru
84%
Afghanistan
83%
Guinea
83%
Nepal
83%
Pakistan
83%
Solomon Islands
83%
Cape Verde
82%
Turkey
82%
Armenia
81%
Azerbaijan
81%
Brunei
81%
Samoa
81%
East Timor
80%
Saint Lucia
80%
Tonga
80%
Seychelles
79%
Uzbekistan
79%
Palau
78%
Antigua and Barbuda
77%
Grenada
77%
Singapore
77%
Dominica
76%
Saint Kitts and Nevis
76%
Bhutan
75%
Marshall Islands
75%
Saint Vincent and the
Grenadines
75%
Trinidad and Tobago
75%
Mauritius
74%
Barbados
73%
Turkmenistan
71%
Comoros
66%
São Tomé and Príncipe
66%

Score Distribution

Percentile by Number Answered

Percent of People with Each Score

Your Score History

You have not taken this quiz